[Event "DVM U16 2023"]
[Site "Magdeburg GER"]
[Date "2023.12.29"]
[Round "5"]
[White "Aumüller, Naum"]
[Black "Bergmann, Lennart"]
[Result "1-0"]
[Termination "normal"]
[Board "10.1"]
[WhiteElo "1881"]
[BlackElo "1612"]
[WhiteClock "00:09:51"]
[BlackClock "00:05:13"]
[WhiteTeam "SC Bavaria Regensburg 1881"]
[BlackTeam "VSG 1880 Offenbach"]
[PlyCount "73"]
[WhiteFideId "16263960"]
[BlackFideId "16270657"]
[EventCountry "GER"]
[EventRounds "7"]
[EventType "team-swiss"]
[EventDate "2023.12.26"]

1. e4 {[%clk 01:30:58]} {[%emt 00:00:01]} c5 {[%clk 01:30:36]} {[%emt
00:00:24]} 2. Nf3 {[%clk 01:31:21]} {[%emt 00:00:07]} Nc6 {[%clk 01:31:01]}
{[%emt 00:00:04]} 3. Bb5 {[%clk 01:31:45]} {[%emt 00:00:07]} e6 {[%clk
01:31:23]} {[%emt 00:00:08]} 4. O-O {[%clk 01:31:13]} {[%emt 00:01:03]} Nge7
{[%clk 01:31:47]} {[%emt 00:00:05]} 5. d4 {[%clk 01:31:35]} {[%emt 00:00:07]}
cxd4 {[%clk 01:32:06]} {[%emt 00:00:12]} 6. Nxd4 {[%clk 01:31:43]} {[%emt
00:00:22]} Qc7 {[%clk 01:32:30]} {[%emt 00:00:06]} 7. Nxc6 {[%clk 01:26:40]}
{[%emt 00:05:32]} bxc6 {[%clk 01:31:23]} {[%emt 00:01:39]} 8. Bd3 {[%clk
01:27:03]} {[%emt 00:00:07]} d6 {[%clk 01:23:24]} {[%emt 00:08:29]} 9. c4
{[%clk 01:23:28]} {[%emt 00:04:04]} c5 {[%clk 01:17:52]} {[%emt 00:06:02]} 10.
Nc3 {[%clk 01:14:21]} {[%emt 00:09:37]} a6 {[%clk 01:04:00]} {[%emt 00:14:22]}
11. Be3 {[%clk 01:04:30]} {[%emt 00:10:21]} g6 {[%clk 00:58:31]} {[%emt
00:06:00]} 12. Qd2 {[%clk 00:59:42]} {[%emt 00:05:17]} Bg7 {[%clk 00:57:52]}
{[%emt 00:01:08]} 13. Bc2 {[%clk 00:55:37]} {[%emt 00:04:36]} O-O {[%clk
00:54:37]} {[%emt 00:03:45]} 14. Rfd1 {[%clk 00:47:18]} {[%emt 00:08:49]} Rd8
{[%clk 00:51:25]} {[%emt 00:03:42]} 15. Bf4 {[%clk 00:41:43]} {[%emt 00:06:05]}
e5 {[%clk 00:37:17]} {[%emt 00:14:37]} 16. Bg5 {[%clk 00:40:15]} {[%emt
00:01:59]} f6 {[%clk 00:34:58]} {[%emt 00:02:49]} 17. Nd5 {[%clk 00:39:03]}
{[%emt 00:01:42]} Nxd5 {[%clk 00:33:25]} {[%emt 00:02:03]} 18. Qxd5+ {[%clk
00:39:25]} {[%emt 00:00:08]} Kf8 {[%clk 00:33:48]} {[%emt 00:00:07]} 19. Be3
{[%clk 00:36:29]} {[%emt 00:03:26]} Bb7 {[%clk 00:30:38]} {[%emt 00:03:40]} 20.
Qd3 {[%clk 00:35:07]} {[%emt 00:01:52]} Bc6 {[%clk 00:29:33]} {[%emt 00:01:35]}
21. Rd2 {[%clk 00:27:57]} {[%emt 00:07:40]} Ke7 {[%clk 00:26:50]} {[%emt
00:03:13]} 22. f3 {[%clk 00:24:24]} {[%emt 00:04:03]} Rd7 {[%clk 00:22:59]}
{[%emt 00:04:21]} 23. Qa3 {[%clk 00:23:00]} {[%emt 00:01:53]} Bf8 {[%clk
00:21:41]} {[%emt 00:01:48]} 24. Rad1 {[%clk 00:22:23]} {[%emt 00:01:07]} Kf7
{[%clk 00:21:08]} {[%emt 00:01:04]} 25. Ba4 {[%clk 00:20:06]} {[%emt 00:02:47]}
Rad8 {[%clk 00:17:59]} {[%emt 00:03:38]} 26. Bxc6 {[%clk 00:19:12]} {[%emt
00:01:24]} Qxc6 {[%clk 00:18:28]} {[%emt 00:00:02]} 27. Rd5 {[%clk 00:18:51]}
{[%emt 00:00:50]} Ke6 {[%clk 00:16:07]} {[%emt 00:02:52]} 28. R1d3 {[%clk
00:17:29]} {[%emt 00:01:52]} f5 {[%clk 00:13:54]} {[%emt 00:02:43]} 29. exf5+
{[%clk 00:12:45]} {[%emt 00:05:13]} gxf5 {[%clk 00:14:17]} {[%emt 00:00:07]}
30. Rd1 {[%clk 00:12:06]} {[%emt 00:01:09]} Qb6 {[%clk 00:11:35]} {[%emt
00:03:12]} 31. Qc3 {[%clk 00:10:36]} {[%emt 00:02:00]} Qb4 {[%clk 00:09:51]}
{[%emt 00:02:14]} 32. Qc2 {[%clk 00:10:25]} {[%emt 00:00:41]} Rb8 {[%clk
00:08:49]} {[%emt 00:01:32]} 33. b3 {[%clk 00:10:11]} {[%emt 00:00:44]} a5
{[%clk 00:08:27]} {[%emt 00:00:52]} 34. Bxc5 {[%clk 00:09:44]} {[%emt
00:00:57]} dxc5 {[%clk 00:07:06]} {[%emt 00:01:51]} 35. Rxd7 {[%clk 00:10:06]}
{[%emt 00:00:08]} h5 {[%clk 00:06:07]} {[%emt 00:01:29]} 36. g4 {[%clk
00:10:00]} {[%emt 00:00:36]} Bd6 {[%clk 00:05:13]} {[%emt 00:01:24]} 37. R1xd6#
{[%clk 00:09:51]} {[%emt 00:00:08]} 1-0

[Event "DVM U16 2023"]
[Site "Magdeburg GER"]
[Date "2023.12.29"]
[Round "5"]
[White "Werner, Florin"]
[Black "Ammann, Samuel"]
[Result "1-0"]
[Termination "normal"]
[Board "10.2"]
[WhiteElo "1701"]
[BlackElo "1502"]
[WhiteClock "00:36:22"]
[BlackClock "00:27:06"]
[WhiteTeam "VSG 1880 Offenbach"]
[BlackTeam "SC Bavaria Regensburg 1881"]
[PlyCount "101"]
[WhiteFideId "16250230"]
[BlackFideId "34650750"]
[EventCountry "GER"]
[EventRounds "7"]
[EventType "team-swiss"]
[EventDate "2023.12.26"]

1. e4 {[%clk 01:30:57]} {[%emt 00:00:02]} c6 {[%clk 01:30:55]} {[%emt
00:00:05]} 2. Nf3 {[%clk 01:31:23]} {[%emt 00:00:04]} d5 {[%clk 01:31:18]}
{[%emt 00:00:07]} 3. Nc3 {[%clk 01:31:50]} {[%emt 00:00:03]} Bg4 {[%clk
01:31:35]} {[%emt 00:00:13]} 4. h3 {[%clk 01:32:13]} {[%emt 00:00:08]} Bxf3
{[%clk 01:31:55]} {[%emt 00:00:10]} 5. Qxf3 {[%clk 01:32:38]} {[%emt 00:00:05]}
e6 {[%clk 01:32:06]} {[%emt 00:00:19]} 6. exd5 {[%clk 01:32:53]} {[%emt
00:00:15]} cxd5 {[%clk 01:32:14]} {[%emt 00:00:21]} 7. Bb5+ {[%clk 01:32:56]}
{[%emt 00:00:28]} Nc6 {[%clk 01:31:51]} {[%emt 00:00:52]} 8. O-O {[%clk
01:20:31]} {[%emt 00:12:56]} Nf6 {[%clk 01:27:58]} {[%emt 00:04:23]} 9. Re1
{[%clk 01:15:13]} {[%emt 00:05:47]} Be7 {[%clk 01:25:39]} {[%emt 00:02:49]} 10.
b3 {[%clk 01:13:41]} {[%emt 00:02:02]} O-O {[%clk 01:20:40]} {[%emt 00:05:29]}
11. Bf1 {[%clk 01:13:13]} {[%emt 00:00:58]} Nb4 {[%clk 01:06:37]} {[%emt
00:14:33]} 12. Qd1 {[%clk 01:11:21]} {[%emt 00:02:22]} d4 {[%clk 01:03:47]}
{[%emt 00:03:21]} 13. Ne4 {[%clk 01:08:20]} {[%emt 00:03:30]} Nxe4 {[%clk
01:00:14]} {[%emt 00:04:03]} 14. Rxe4 {[%clk 01:07:31]} {[%emt 00:01:19]} Rc8
{[%clk 01:00:13]} {[%emt 00:00:31]} 15. Bd3 {[%clk 00:56:53]} {[%emt 00:11:08]}
Nxd3 {[%clk 00:54:16]} {[%emt 00:06:27]} 16. cxd3 {[%clk 00:57:10]} {[%emt
00:00:13]} Qd5 {[%clk 00:49:54]} {[%emt 00:04:52]} 17. Bb2 {[%clk 00:56:34]}
{[%emt 00:01:07]} Bc5 {[%clk 00:48:57]} {[%emt 00:01:27]} 18. Qe2 {[%clk
00:49:40]} {[%emt 00:07:23]} Bb6 {[%clk 00:45:30]} {[%emt 00:03:56]} 19. Re5
{[%clk 00:48:37]} {[%emt 00:01:34]} Qd6 {[%clk 00:44:36]} {[%emt 00:01:23]} 20.
a4 {[%clk 00:48:39]} {[%emt 00:00:29]} Rc2 {[%clk 00:35:17]} {[%emt 00:09:50]}
21. Ba3 {[%clk 00:43:10]} {[%emt 00:05:58]} Bc5 {[%clk 00:35:25]} {[%emt
00:00:22]} 22. Rxc5 {[%clk 00:38:21]} {[%emt 00:05:19]} Rxc5 {[%clk 00:35:41]}
{[%emt 00:00:14]} 23. Qe4 {[%clk 00:38:05]} {[%emt 00:00:46]} b6 {[%clk
00:32:52]} {[%emt 00:03:19]} 24. Kf1 {[%clk 00:20:44]} {[%emt 00:17:51]} Rfc8
{[%clk 00:30:45]} {[%emt 00:02:36]} 25. Bxc5 {[%clk 00:18:40]} {[%emt
00:02:35]} Qxc5 {[%clk 00:28:56]} {[%emt 00:02:19]} 26. Ke2 {[%clk 00:16:48]}
{[%emt 00:02:22]} e5 {[%clk 00:24:06]} {[%emt 00:05:20]} 27. b4 {[%clk
00:13:37]} {[%emt 00:03:42]} Qc6 {[%clk 00:19:11]} {[%emt 00:05:24]} 28. b5
{[%clk 00:13:13]} {[%emt 00:00:54]} Qxe4+ {[%clk 00:18:38]} {[%emt 00:01:03]}
29. dxe4 {[%clk 00:13:37]} {[%emt 00:00:07]} Rc5 {[%clk 00:18:06]} {[%emt
00:01:01]} 30. f4 {[%clk 00:10:39]} {[%emt 00:03:28]} f6 {[%clk 00:17:55]}
{[%emt 00:00:41]} 31. fxe5 {[%clk 00:09:07]} {[%emt 00:02:03]} fxe5 {[%clk
00:18:15]} {[%emt 00:00:10]} 32. Rf1 {[%clk 00:09:17]} {[%emt 00:00:19]} Rc7
{[%clk 00:07:46]} {[%emt 00:10:59]} 33. Kd3 {[%clk 00:09:20]} {[%emt 00:00:28]}
Rc8 {[%clk 00:07:39]} {[%emt 00:00:37]} 34. Rf5 {[%clk 00:08:18]} {[%emt
00:01:31]} Rc5 {[%clk 00:05:03]} {[%emt 00:03:07]} 35. h4 {[%clk 00:08:00]}
{[%emt 00:00:48]} a6 {[%clk 00:02:41]} {[%emt 00:02:52]} 36. bxa6 {[%clk
00:08:07]} {[%emt 00:00:23]} Ra5 {[%clk 00:03:01]} {[%emt 00:00:09]} 37. a7
{[%clk 00:08:35]} {[%emt 00:00:02]} Rxa7 {[%clk 00:03:17]} {[%emt 00:00:14]}
38. Rxe5 {[%clk 00:09:01]} {[%emt 00:00:04]} Rxa4 {[%clk 00:03:39]} {[%emt
00:00:08]} 39. Rb5 {[%clk 00:09:25]} {[%emt 00:00:06]} Ra3+ {[%clk 00:02:02]}
{[%emt 00:02:06]} 40. Kxd4 {[%clk 00:09:48]} {[%emt 00:00:08]} Rg3 {[%clk
00:02:19]} {[%emt 00:00:12]} 41. Rg5 {[%clk 00:09:22]} {[%emt 00:00:56]} Rb3
{[%clk 00:00:43]} {[%emt 00:02:07]} 42. Kc4 {[%clk 00:09:35]} {[%emt 00:00:17]}
Rb2 {[%clk 00:30:09]} {[%emt 00:01:04]} 43. d4 {[%clk 00:39:59]} {[%emt
00:00:07]} Kf7 {[%clk 00:29:40]} {[%emt 00:00:59]} 44. g3 {[%clk 00:35:55]}
{[%emt 00:04:33]} h6 {[%clk 00:29:08]} {[%emt 00:01:02]} 45. Rb5 {[%clk
00:35:40]} {[%emt 00:00:46]} Rg2 {[%clk 00:27:32]} {[%emt 00:02:05]} 46. Rxb6
{[%clk 00:36:06]} {[%emt 00:00:05]} Rxg3 {[%clk 00:27:49]} {[%emt 00:00:13]}
47. Kd5 {[%clk 00:36:30]} {[%emt 00:00:06]} Rg4 {[%clk 00:27:39]} {[%emt
00:00:40]} 48. Rb7+ {[%clk 00:35:32]} {[%emt 00:01:29]} Kf8 {[%clk 00:27:17]}
{[%emt 00:00:52]} 49. h5 {[%clk 00:35:47]} {[%emt 00:00:14]} Rg5+ {[%clk
00:27:35]} {[%emt 00:00:12]} 50. Ke6 {[%clk 00:35:58]} {[%emt 00:00:19]} g6
{[%clk 00:27:06]} {[%emt 00:00:59]} 51. Kf6 {[%clk 00:36:22]} {[%emt 00:00:06]}
1-0

[Event "DVM U16 2023"]
[Site "Magdeburg GER"]
[Date "2023.12.29"]
[Round "5"]
[White "Bürger, Theodor"]
[Black "Laux, Filip"]
[Result "1-0"]
[Termination "normal"]
[Board "10.3"]
[WhiteElo "1514"]
[BlackElo "1589"]
[WhiteClock "00:46:12"]
[BlackClock "00:44:49"]
[WhiteTeam "SC Bavaria Regensburg 1881"]
[BlackTeam "VSG 1880 Offenbach"]
[PlyCount "53"]
[WhiteFideId "34640126"]
[BlackFideId "16275730"]
[EventCountry "GER"]
[EventRounds "7"]
[EventType "team-swiss"]
[EventDate "2023.12.26"]

1. e4 {[%clk 01:30:57]} {[%emt 00:00:03]} c6 {[%clk 01:30:47]} {[%emt
00:00:13]} 2. d4 {[%clk 01:31:19]} {[%emt 00:00:07]} d5 {[%clk 01:30:55]}
{[%emt 00:00:22]} 3. exd5 {[%clk 01:31:21]} {[%emt 00:00:29]} cxd5 {[%clk
01:31:07]} {[%emt 00:00:19]} 4. Bd3 {[%clk 01:31:27]} {[%emt 00:00:23]} Nf6
{[%clk 01:31:07]} {[%emt 00:00:30]} 5. h3 {[%clk 01:30:09]} {[%emt 00:01:48]}
Nc6 {[%clk 01:30:58]} {[%emt 00:00:38]} 6. c3 {[%clk 01:30:23]} {[%emt
00:00:15]} e6 {[%clk 01:30:35]} {[%emt 00:00:54]} 7. Nf3 {[%clk 01:30:00]}
{[%emt 00:00:54]} h6 {[%clk 01:30:11]} {[%emt 00:00:54]} 8. O-O {[%clk
01:29:42]} {[%emt 00:00:47]} Bd6 {[%clk 01:30:11]} {[%emt 00:00:31]} 9. Re1
{[%clk 01:27:54]} {[%emt 00:02:18]} O-O {[%clk 01:30:01]} {[%emt 00:00:40]} 10.
Nbd2 {[%clk 01:25:43]} {[%emt 00:02:41]} Qc7 {[%clk 01:23:40]} {[%emt
00:06:51]} 11. b3 {[%clk 01:17:28]} {[%emt 00:08:45]} e5 {[%clk 01:21:33]}
{[%emt 00:02:37]} 12. dxe5 {[%clk 01:16:38]} {[%emt 00:01:20]} Nxe5 {[%clk
01:21:56]} {[%emt 00:00:07]} 13. Nxe5 {[%clk 01:16:37]} {[%emt 00:00:31]} Bxe5
{[%clk 01:22:18]} {[%emt 00:00:08]} 14. Bb2 {[%clk 01:16:48]} {[%emt 00:00:19]}
Bxc3 {[%clk 01:08:40]} {[%emt 00:14:09]} 15. Rc1 {[%clk 01:15:33]} {[%emt
00:01:44]} d4 {[%clk 01:09:03]} {[%emt 00:00:06]} 16. Nb1 {[%clk 01:08:03]}
{[%emt 00:07:59]} Rd8 {[%clk 00:57:44]} {[%emt 00:11:51]} 17. Nxc3 {[%clk
01:03:26]} {[%emt 00:05:06]} dxc3 {[%clk 00:58:08]} {[%emt 00:00:06]} 18. Rxc3
{[%clk 01:03:36]} {[%emt 00:00:20]} Qd6 {[%clk 00:57:19]} {[%emt 00:01:19]} 19.
Qc2 {[%clk 00:59:51]} {[%emt 00:04:16]} Nd5 {[%clk 00:54:39]} {[%emt 00:03:11]}
20. Bh7+ {[%clk 00:57:26]} {[%emt 00:02:53]} Kh8 {[%clk 00:54:28]} {[%emt
00:00:42]} 21. Rg3 {[%clk 00:57:05]} {[%emt 00:00:49]} Nf6 {[%clk 00:52:48]}
{[%emt 00:02:12]} 22. Rd3 {[%clk 00:54:33]} {[%emt 00:03:00]} Qb6 {[%clk
00:51:37]} {[%emt 00:01:43]} 23. Rxd8+ {[%clk 00:50:38]} {[%emt 00:04:24]} Qxd8
{[%clk 00:51:58]} {[%emt 00:00:09]} 24. Bxf6 {[%clk 00:49:52]} {[%emt
00:01:16]} gxf6 {[%clk 00:52:02]} {[%emt 00:00:26]} 25. Be4 {[%clk 00:48:27]}
{[%emt 00:01:51]} Qe7 {[%clk 00:46:04]} {[%emt 00:06:33]} 26. Qd2 {[%clk
00:46:12]} {[%emt 00:02:42]} Be6 {[%clk 00:44:49]} {[%emt 00:01:47]} 27. Qxh6+
{[%clk 00:46:12]} {[%emt 00:00:31]} 1-0

[Event "DVM U16 2023"]
[Site "Magdeburg GER"]
[Date "2023.12.29"]
[Round "5"]
[White "Staat, Christian"]
[Black "Slutski, Daniel"]
[Result "0-1"]
[Termination "normal"]
[Board "10.4"]
[WhiteElo "1268"]
[BlackElo "1324"]
[WhiteClock "00:10:46"]
[BlackClock "00:16:37"]
[WhiteTeam "VSG 1880 Offenbach"]
[BlackTeam "SC Bavaria Regensburg 1881"]
[PlyCount "62"]
[WhiteFideId "34608141"]
[BlackFideId "16292154"]
[EventCountry "GER"]
[EventRounds "7"]
[EventType "team-swiss"]
[EventDate "2023.12.26"]

1. d4 {[%clk 01:30:59]} d5 {[%clk 01:30:38]} {[%emt 00:00:22]} 2. c4 {[%clk
01:31:24]} {[%emt 00:00:06]} c6 {[%clk 01:30:48]} {[%emt 00:00:20]} 3. Nc3
{[%clk 01:31:50]} {[%emt 00:00:04]} Nf6 {[%clk 01:30:38]} {[%emt 00:00:39]} 4.
Nf3 {[%clk 01:32:04]} {[%emt 00:00:16]} e6 {[%clk 01:30:39]} {[%emt 00:00:30]}
5. Bg5 {[%clk 01:32:17]} {[%emt 00:00:17]} Nbd7 {[%clk 01:30:28]} {[%emt
00:00:41]} 6. e3 {[%clk 01:32:32]} {[%emt 00:00:14]} Be7 {[%clk 01:28:03]}
{[%emt 00:02:54]} 7. Be2 {[%clk 01:32:06]} {[%emt 00:00:56]} O-O {[%clk
01:27:06]} {[%emt 00:01:27]} 8. O-O {[%clk 01:32:18]} {[%emt 00:00:18]} dxc4
{[%clk 01:26:08]} {[%emt 00:01:29]} 9. Bxc4 {[%clk 01:32:27]} {[%emt 00:00:20]}
Nd5 {[%clk 01:21:34]} {[%emt 00:05:05]} 10. Bxe7 {[%clk 01:31:45]} {[%emt
00:01:12]} Qxe7 {[%clk 01:20:58]} {[%emt 00:01:06]} 11. Re1 {[%clk 01:27:21]}
{[%emt 00:04:53]} N5b6 {[%clk 01:16:05]} {[%emt 00:05:24]} 12. Bd3 {[%clk
01:17:38]} {[%emt 00:10:14]} Rd8 {[%clk 01:13:17]} {[%emt 00:03:17]} 13. Qc2
{[%clk 01:17:29]} {[%emt 00:00:39]} h6 {[%clk 01:11:02]} {[%emt 00:02:45]} 14.
Rad1 {[%clk 01:11:44]} {[%emt 00:06:14]} Nf6 {[%clk 01:04:22]} {[%emt
00:07:11]} 15. e4 {[%clk 01:06:06]} {[%emt 00:06:08]} Bd7 {[%clk 00:56:00]}
{[%emt 00:08:52]} 16. a3 {[%clk 00:50:36]} {[%emt 00:16:00]} c5 {[%clk
00:43:48]} {[%emt 00:12:42]} 17. dxc5 {[%emt 00:12:49]} Qxc5 {[%clk 00:42:25]}
{[%emt 00:01:52]} 18. b4 {[%clk 00:37:24]} {[%emt 00:01:23]} Qc7 {[%clk
00:40:46]} {[%emt 00:02:08]} 19. Rc1 {[%clk 00:26:49]} {[%emt 00:11:06]} Rac8
{[%clk 00:39:29]} {[%emt 00:01:48]} 20. Qb2 {[%clk 00:19:59]} {[%emt 00:07:20]}
Qd6 {[%clk 00:30:54]} {[%emt 00:09:05]} 21. e5 {[%clk 00:14:08]} {[%emt
00:06:21]} Qxd3 {[%clk 00:29:47]} {[%emt 00:01:36]} 22. exf6 {[%clk 00:14:24]}
{[%emt 00:00:14]} Nc4 {[%clk 00:22:16]} {[%emt 00:08:01]} 23. Qa1 {[%clk
00:13:27]} {[%emt 00:01:27]} Bc6 {[%clk 00:17:18]} {[%emt 00:05:29]} 24. Re3
{[%clk 00:08:13]} {[%emt 00:05:44]} Nxe3 {[%clk 00:17:00]} {[%emt 00:00:48]}
25. fxe3 {[%clk 00:08:20]} {[%emt 00:00:26]} Qxe3+ {[%clk 00:17:06]} {[%emt
00:00:21]} 26. Kh1 {[%clk 00:08:45]} {[%emt 00:00:04]} Bxf3 {[%clk 00:17:04]}
{[%emt 00:00:33]} 27. gxf3 {[%clk 00:09:09]} {[%emt 00:00:06]} Qxf3+ {[%clk
00:17:19]} {[%emt 00:00:14]} 28. Kg1 {[%clk 00:09:35]} {[%emt 00:00:04]} Rd2
{[%clk 00:16:56]} {[%emt 00:00:54]} 29. Ne2 {[%clk 00:09:54]} {[%emt 00:00:10]}
Rxc1+ {[%clk 00:16:32]} {[%emt 00:00:54]} 30. Qxc1 {[%clk 00:10:19]} {[%emt
00:00:06]} Qxe2 {[%clk 00:16:26]} {[%emt 00:00:35]} 31. Qc8+ {[%clk 00:10:46]}
{[%emt 00:00:03]} Kh7 {[%clk 00:16:37]} {[%emt 00:00:20]} 0-1

[Event "DVM U16 2023"]
[Site "Magdeburg GER"]
[Date "2023.12.29"]
[Round "6"]
[White "Ermitsch, Magnus"]
[Black "Mohylnyi, Stepan"]
[Result "1-0"]
[Termination "normal"]
[Board "1.1"]
[WhiteTitle "FM"]
[WhiteElo "2273"]
[BlackElo "2180"]
[WhiteClock "00:36:37"]
[BlackClock "00:03:54"]
[WhiteTeam "SK Doppelbauer Kiel 1910"]
[BlackTeam "SC Noris-Tarrasch Nürnberg 1873"]
[PlyCount "75"]
[WhiteFideId "16234464"]
[BlackFideId "34127836"]
[EventCountry "GER"]
[EventRounds "7"]
[EventType "team-swiss"]
[EventDate "2023.12.26"]

1. e4 {[%clk 01:30:58]} {[%emt 00:00:01]} e6 {[%clk 01:30:52]} {[%emt
00:00:08]} 2. d4 {[%clk 01:31:23]} {[%emt 00:00:05]} d5 {[%clk 01:31:19]}
{[%emt 00:00:04]} 3. Nc3 {[%clk 01:31:48]} {[%emt 00:00:05]} Bb4 {[%clk
01:31:46]} {[%emt 00:00:03]} 4. Nge2 {[%clk 01:32:03]} {[%emt 00:00:15]} dxe4
{[%clk 01:30:07]} {[%emt 00:02:09]} 5. a3 {[%clk 01:32:25]} {[%emt 00:00:08]}
Be7 {[%clk 01:27:16]} {[%emt 00:03:20]} 6. Nxe4 {[%clk 01:31:08]} {[%emt
00:01:47]} Nf6 {[%clk 01:27:42]} {[%emt 00:00:05]} 7. Nxf6+ {[%clk 01:31:32]}
{[%emt 00:00:06]} Bxf6 {[%clk 01:28:08]} {[%emt 00:00:04]} 8. Be3 {[%clk
01:31:56]} {[%emt 00:00:06]} Nd7 {[%clk 01:20:07]} {[%emt 00:08:31]} 9. Qd2
{[%clk 01:31:36]} {[%emt 00:00:49]} Nb6 {[%clk 01:19:33]} {[%emt 00:01:04]} 10.
Ng3 {[%clk 01:22:08]} {[%emt 00:09:59]} Nd5 {[%clk 01:15:37]} {[%emt 00:04:25]}
11. Nh5 {[%clk 01:20:32]} {[%emt 00:02:05]} Nxe3 {[%clk 01:14:57]} {[%emt
00:01:11]} 12. Nxf6+ {[%clk 01:20:55]} {[%emt 00:00:07]} Qxf6 {[%clk 01:15:22]}
{[%emt 00:00:06]} 13. Qxe3 {[%clk 01:21:04]} {[%emt 00:00:21]} Bd7 {[%clk
01:14:58]} {[%emt 00:00:53]} 14. O-O-O {[%clk 01:20:31]} {[%emt 00:01:03]}
O-O-O {[%clk 01:06:50]} {[%emt 00:08:38]} 15. Be2 {[%clk 01:16:51]} {[%emt
00:04:10]} Kb8 {[%clk 00:51:13]} {[%emt 00:16:07]} 16. Bf3 {[%clk 01:16:21]}
{[%emt 00:01:00]} h5 {[%clk 00:50:29]} {[%emt 00:01:14]} 17. Kb1 {[%clk
01:10:53]} {[%emt 00:05:58]} g5 {[%emt 00:08:06]} 18. h4 {[%clk 01:08:11]}
{[%emt 00:03:12]} g4 {[%clk 00:42:42]} {[%emt 00:00:42]} 19. Be4 {[%clk
01:08:35]} {[%emt 00:00:05]} e5 {[%clk 00:31:33]} {[%emt 00:11:39]} 20. dxe5
{[%clk 00:52:34]} {[%emt 00:16:31]} Qxe5 {[%clk 00:31:22]} {[%emt 00:00:41]}
21. Rd5 {[%clk 00:51:54]} {[%emt 00:01:09]} Qf6 {[%clk 00:31:17]} {[%emt
00:00:36]} 22. Qc5 {[%clk 00:43:50]} {[%emt 00:08:33]} Rhe8 {[%clk 00:09:43]}
{[%emt 00:38:52]} 23. Rhd1 {[%clk 00:41:26]} Be6 {[%clk 00:09:03]} 24. Rxd8+
{[%clk 00:41:16]} Rxd8 {[%clk 00:09:03]} 25. Rxd8+ {[%clk 00:41:16]} Qxd8
{[%clk 00:09:03]} 26. b3 {[%clk 00:41:16]} a6 {[%clk 00:09:03]} 27. Qxh5 {[%clk
00:38:34]} Qd1+ {[%clk 00:08:07]} 28. Ka2 {[%clk 00:38:38]} Bxb3+ 29. Kxb3
{[%clk 00:37:45]} Qb1+ {[%clk 00:07:20]} 30. Kc4 {[%clk 00:36:51]} {[%emt
00:00:06]} b5+ {[%clk 00:06:41]} {[%emt 00:01:08]} 31. Kd4 {[%clk 00:36:01]}
{[%emt 00:01:20]} Qa1+ {[%clk 00:03:30]} {[%emt 00:03:42]} 32. c3 {[%clk
00:34:48]} {[%emt 00:01:42]} Qd1+ {[%clk 00:03:38]} {[%emt 00:00:21]} 33. Ke5
{[%clk 00:35:03]} {[%emt 00:00:16]} Qd6+ {[%clk 00:03:42]} {[%emt 00:00:27]}
34. Kf5 {[%clk 00:35:24]} {[%emt 00:00:08]} Qd7+ {[%clk 00:03:13]} {[%emt
00:00:59]} 35. Kf4 {[%clk 00:35:42]} {[%emt 00:00:11]} Qd2+ {[%clk 00:03:25]}
{[%emt 00:00:19]} 36. Kxg4 {[%clk 00:35:50]} {[%emt 00:00:22]} Qe2+ {[%clk
00:03:38]} {[%emt 00:00:17]} 37. Bf3 {[%clk 00:36:14]} {[%emt 00:00:06]} Qc4+
{[%clk 00:03:54]} {[%emt 00:00:14]} 38. Kg3 {[%clk 00:36:37]} {[%emt 00:00:08]}
1-0